000 00508nam a22001697a 4500
008 231102b |||||||| |||| 00| 0 eng d
020 _a9781585187065
050 _aQM 100 .G65 2003
_bC.1
100 _aGOLDING, LAWRENCE A.
245 _aFITNESS PROFESSIONALS' GUIDE TO MUSCULOSKELETAL ANATOMY AND HUMAN MOVEMENT
260 _aMONTEREY
_bHEALTH LEARNING
_c2003
300 _a256P. ILL.
500 _aINCLUDES INDEX
650 _aFITNESS PROFESSIONALS
700 _aGOLDING, SCOTT M.
942 _2lcc
_cBK
999 _c208197
_d208197